| 000 | 00976nam a2200277 i 4500 | ||
|---|---|---|---|
| 001 | 94112 | ||
| 003 | ES-MaACL | ||
| 005 | 20250828063247.0 | ||
| 007 | t| | ||
| 008 | 050621s2004 sp abd |||| |dspa d | ||
| 020 | _a84-233-3648-4 | ||
| 080 | _a903(460.182) | ||
| 100 | 1 |
_aCarbonell, Eudald, _d1953- _9155599 |
|
| 245 | 1 | 0 |
_aAtapuerca, perdidos en la colina _b: la historia humana y científica del equipo investigador / _cEudald Carbonell, José María Bermúdez de Castro ; ilustraciones de Mauricio Antón. |
| 250 | _a1ª ed. | ||
| 260 |
_aBarcelona : _bDestino, _c2004. |
||
| 300 |
_a446 p. : _bil. col. y n., gráf., mapas ; _c25 cm. |
||
| 490 | 1 |
_aImago mundi ; _v55 |
|
| 651 | 4 |
_aAtapuerca (Burgos, Yacimiento) _9167383 |
|
| 700 | 1 |
_aBermúdez de Castro, José María. _928138 |
|
| 700 | 1 |
_aAntón, Mauricio. _921939 |
|
| 830 | 0 | 0 |
_aImago mundi (Barcelona) ; _v55 _9236939 |
| 852 |
_aES-MaACL _jL-29184 |
||
| 942 | _2udc | ||
| 999 |
_c94112 _d94112 |
||